000 00373nam a2200133Ia 4500
008 151001s9999||||xx |||||||||||||| ||und||
100 _aहरी नारायण आपटे
245 _aसंत सखुबाई नाटक
250 _a7
260 _bआर्यभूषण मुद्रणालय
260 _c1965
300 _a119
365 _b21
999 _c956687
_d956684